| 000 | 04591cam a2200493 i 4500 | ||
|---|---|---|---|
| 005 | 20080331085343.0 | ||
| 010 | _aENG-95637 | ||
| 020 |
_a9788120338760 _c250.00 |
||
| 035 | _aEN-79170 | ||
| 035 | _aB-424519-539 | ||
| 037 | _aDBAD/PUB | ||
| 037 | _aBlueberry Books | ||
| 082 | _a006.6 | ||
| 100 |
_aAlavala, Chennakesava R. _928666 |
||
| 245 |
_aComputer graphics / _cby Chennakesava R. Alavala |
||
| 260 |
_aNew Delhi _bPHI Learning P. Ltd. _c2009 |
||
| 300 |
_axi, 327p.; _c24 cm.(Pbk) |
||
| 500 | _aIncludes index | ||
| 504 | _a. | ||
| 942 |
_2ddc _cEN _mALA _h006.6 |
||
| 999 |
_c32897 _d32897 |
||